000 00499nam a2200193 a 4500
001 17514
003 CO-ViMGA
008 141112s2004 ck r 000 u spa d
020 _a8448010698
040 _aCO-ViMGA
_bspa
_cCO-ViMGA
082 0 4 _aINKq
100 1 _aInkpen, Mick
_924826
245 1 0 _a¿Quien soy?
260 _aBarcelona (España),
_cCeac,
_c1998
300 _a30.p.
590 _aForma de adquisición : Premio - Mincultura
650 1 4 _aCUENTOS INFANTILES
_92743
942 _2ddc
_cBK
999 _c27029
_d27029